| 000 | 00369pab a2200157 454500 | ||
|---|---|---|---|
| 008 | 180718b2011 xxu||||| |||| 00| 0 eng d | ||
| 100 | _aTiwari, Pawan Kumar | ||
| 245 | _aAn overview of state initiatives in agriculture | ||
| 260 | _c2011 | ||
| 300 | _ap.21-23. | ||
| 362 | _aDec | ||
| 650 | _aAgriculture | ||
| 773 | _aKurukshetra | ||
| 908 | _aN | ||
| 909 | _a94807 | ||
| 999 |
_c94807 _d94807 |
||